| Tag |
First Indicator |
Second Indicator |
Subfields |
| LEADER |
00000cam a2200000 a 4500 |
| 001 |
in00002587939 |
| 005 |
20151201153540.0 |
| 008 |
100511s2010 njua b 001 0 eng |
| 010 |
|
|
|a 2010018961
|
| 020 |
|
|
|a 9780672329463 (pbk. : alk. paper)
|
| 020 |
|
|
|a 0672329468 (pbk. : alk. paper)
|
| 035 |
|
|
|a (OCoLC)ocn268788260
|
| 035 |
|
|
|a (OCoLC)268788260
|
| 040 |
|
|
|a DLC
|c DLC
|d YDX
|d BTCTA
|d YDXCP
|d BWX
|d UtOrBLW
|
| 049 |
|
|
|a TXAM
|
| 050 |
0 |
0 |
|a QA76.76.O63
|b L674 2010
|
| 082 |
0 |
0 |
|a 005.4/32
|2 22
|
| 100 |
1 |
|
|a Love, Robert.
|
| 245 |
1 |
0 |
|a Linux kernel development /
|c Robert Love.
|
| 250 |
|
|
|a 3rd ed.
|
| 264 |
|
1 |
|a Upper Saddle River, NJ :
|b Addison-Wesley,
|c [2010]
|
| 264 |
|
4 |
|c ©2010
|
| 300 |
|
|
|a xx, 440 pages :
|b illustrations ;
|c 23 cm.
|
| 336 |
|
|
|a text
|b txt
|2 rdacontent
|
| 337 |
|
|
|a unmediated
|b n
|2 rdamedia
|
| 338 |
|
|
|a volume
|b nc
|2 rdacarrier
|
| 490 |
1 |
|
|a Developer's library : essential references for programming professionals
|
| 504 |
|
|
|a Includes bibliographical references and index.
|
| 630 |
0 |
0 |
|a Linux.
|
| 650 |
|
0 |
|a Operating systems (Computers)
|
| 830 |
|
0 |
|a Developer's library.
|
| 938 |
|
|
|a Baker and Taylor
|b BTCP
|n BK0008011606
|
| 938 |
|
|
|a YBP Library Services
|b YANK
|n 3219817
|
| 938 |
|
|
|a Blackwell Book Service
|b BBUS
|n R5856918
|c $49.99
|
| 945 |
|
|
|a PromptCat
|b 47375
|
| 946 |
|
|
|a stk
|
| 947 |
|
|
|a A14840218331
|
| 994 |
|
|
|a 92
|b TXA
|
| 948 |
|
|
|a Cataloged
|b h
|c 2010/8/16
|d c
|e ibarton
|
| 999 |
|
|
|a MARS
|
| 999 |
f |
f |
|s e28d615e-5bbe-391d-9bc0-b279ce5ae4c7
|i 20ef3bde-18cb-3360-b5a9-299a1047d86f
|t 0
|
| 952 |
f |
f |
|p normal
|a Texas A&M University
|b College Station
|c Sterling C. Evans Library
|d Evans: Library Stacks
|t 0
|e QA76.76.O63 L674 2010
|h Library of Congress classification
|i unmediated -- volume
|m A14840218331
|
| 998 |
f |
f |
|a QA76.76.O63 L674 2010
|t 0
|l Evans: Library Stacks
|